000 00389 a2200169 4500
001 190496
020 _a85-08-08173-1
040 _cMagnum
100 _aDupré, Maria José
240 1 0 _aO cachorrinho samba na fazenda
_lpor
245 1 0 _aO cachorrinho samba na fazenda
300 _a95
362 0 _a2004
440 1 _aÁtica
697 _aLITERATURA INFANTO-JUVENIL
942 _cBK
999 _c190496
_d190496